[Event "ch-USA w 2012"]
[Site "Saint Louis USA"]
[Date "2012.05.09"]
[Round "2"]
[White "Foisor, Sabina-Francesca"]
[Black "Goletiani, Rusudan"]
[Result "1-0"]
[WhiteTitle "WGM"]
[BlackTitle "IM"]
[WhiteElo "2364"]
[BlackElo "2333"]
[WhiteFideId "1212915"]
[BlackFideId "13601105"]
[EventDate "2012.05.08"]

1. d4 Nf6 2. c4 e6 3. Nc3 Bb4 4. e3 O-O 5. Bd3 c5 6. Ne2 d5 7. O-O Nc6 8. a3
cxd4 9. exd4 dxc4 10. Bxc4 Bd6 11. f4 a6 12. Ba2 b5 13. Bd2 Bc7 14. Be3 Ne7 15.
Bb1 Bb7 16. Bf2 Ned5 17. Bh4 Nxc3 18. bxc3 Qd5 19. Rf3 Ne4 20. Qd3 Bb6 21. Ba2
Qd7 22. Rd1 Rac8 23. Kh1 Ba5 24. Be1 Qd6 25. c4 bxc4 26. Bxc4 Bxe1 27. Rxe1 Nf6
28. Rg3 Ne4 29. Rf3 Rxc4 30. Qxc4 Nd2 31. Qd3 Nxf3 32. gxf3 Rc8 33. Kg2 a5 34.
Qb5 Bd5 35. Qxa5 g6 36. Qb4 Qa6 37. Nc3 Ba8 38. Re3 Rc4 39. Qb8+ Rc8 40. Qb4 Kg7
41. a4 Rc4 42. Qb2 Qd6 43. Ne2 Bd5 44. a5 Ra4 45. Qb5 Ra2 46. Kg3 g5 47. Qb6
gxf4+ 48. Nxf4 Qe7 49. h4 Qb7 50. Nh5+ Kh6 51. Qd8 Rg2+ 52. Kxg2 Qb2+ 53. Kg3 1-0